[Event "1. OEsterreichische Internet Schach Meisterschaft - Vorrunde 3"]
[Site "Online - Playchess.com"]
[Date ""]
[Round "2"]
[Board "12"]
[White "Kuba, Guenther"]
[Black "Rosol, Philip"]
[Result "1-0"]
[WhiteElo "2348"]
[BlackElo "1468"]
[PlyCount "59"]
[EventDate "2020.04.17"]
[EventRounds "9"]
[EventCountry "AUT"]

1. e4 d6 2. d4 Nf6 3. Nc3 e5 4. Nge2 Nbd7 5. g3 Be7 6. Bg2 O-O 7. O-O c6 8. a4 a5
9. h3 Qc7 10. f4 exd4 11. Nxd4 Re8 12. g4 h6 13. Nf5 Bf8 14. Be3 Nc5 15. Ng3 g6 16.
Qd2 Bg7 17. Rad1 h5 18. g5 Nh7 19. Qxd6 Qxd6 20. Rxd6 Bxc3 21. bxc3 Nxa4 22. Bd4
Be6 23. f5 Bc4 24. Ra1 Nb2 25. fxg6 Nxg5 26. Nxh5 Re6 27. Nf6+ Kf8 28. Rd7 fxg6 29.
Bc5+ Rd6 30. Bxd6#  1-0

[Event "1. OEsterreichische Internet Schach Meisterschaft - Vorrunde 3"]
[Site "Online - Playchess.com"]
[Date ""]
[Round "2"]
[Board "13"]
[White "Riemelmoser, Stefan"]
[Black "Sadilek, Peter"]
[Result "0-1"]
[WhiteElo "2046"]
[BlackElo "2340"]
[PlyCount "78"]
[EventDate "2020.04.17"]
[EventRounds "9"]
[EventCountry "AUT"]

1. e4 g6 2. d4 Bg7 3. Nc3 d6 4. Be3 c6 5. Qd2 b5 6. h4 h5 7. Nh3 Bxh3 8. Rxh3 Nf6
9. Bd3 Nbd7 10. O-O-O Qa5 11. Kb1 b4 12. Ne2 Ng4 13. f4 Nb6 14. Bg1 Na4 15. e5 Rb8
16. e6 Nc3+ 17. Nxc3 bxc3 18. exf7+ Kf8 19. Qc1 Rxb2+ 20. Qxb2 cxb2 21. Kxb2 Qb4+
22. Ka1 Bxd4+ 23. Bxd4 Qxd4+ 24. Kb1 Qb4+ 25. Kc1 Nf2 26. Rf1 Nxh3 27. gxh3 Kg7 28.
Rg1 Kxf7 29. Bxg6+ Kf6 30. Bd3 Rb8 31. Rg6+ Kf7 32. Kd1 Qd4 33. f5 Qxh4 34. Kd2 Qxh3
35. Rg5 Qh2+ 36. Ke3 Qe5+ 37. Kf3 h4 38. Rh5 Qg3+ 39. Ke2 Qg4+  0-1

[Event "1. OEsterreichische Internet Schach Meisterschaft - Vorrunde 3"]
[Site "Online - Playchess.com"]
[Date ""]
[Round "2"]
[Board "14"]
[White "Wimmer, Kevin"]
[Black "Morgunov, Marc"]
[Result "1/2-1/2"]
[WhiteElo "1944"]
[BlackElo "2341"]
[PlyCount "100"]
[EventDate "2020.04.17"]
[EventRounds "9"]
[EventCountry "AUT"]

1. e4 c5 2. Nf3 d6 3. Bb5+ Nd7 4. O-O a6 5. Bd3 Ngf6 6. Re1 e5 7. c3 g6 8. Bc2 Bg7
9. d4 O-O 10. Nbd2 Qc7 11. Nf1 b5 12. Ng3 Bb7 13. Be3 Rac8 14. Rc1 Rfe8 15. dxe5
dxe5 16. Qe2 c4 17. Nd2 Nc5 18. f3 Red8 19. Rb1 Bf8 20. Red1 Nd3 21. Ndf1 Nf4 22.
Qf2 h5 23. Bb6 Bc5 24. Bxc5 Rxd1 25. Rxd1 Qxc5 26. Qxc5 Rxc5 27. Rd8+ Kg7 28. Kf2
Rc7 29. Ne2 Rd7 30. Rxd7 Nxd7 31. Nxf4 exf4 32. g3 g5 33. b3 Ne5 34. Nd2 Kf6 35.
Ke2 Bc6 36. gxf4 gxf4 37. Kf2 Kg5 38. bxc4 bxc4 39. Kg2 a5 40. a3 Bd7 41. Bd1 Kf6
42. Be2 Be6 43. Kf2 Ke7 44. Ke1 Kd6 45. Kd1 Kc5 46. Kc2 f5 47. Kb2 Kb5 48. Kc2 Kc5
49. Kb2 Nd3+ 50. Kc2 Ne5  1/2-1/2

[Event "1. OEsterreichische Internet Schach Meisterschaft - Vorrunde 3"]
[Site "Online - Playchess.com"]
[Date ""]
[Round "2"]
[Board "15"]
[White "Doujak, Gabriel Andreas"]
[Black "Leisch, Lukas"]
[Result "0-1"]
[WhiteElo "1980"]
[BlackElo "2362"]
[PlyCount "70"]
[EventDate "2020.04.17"]
[EventRounds "9"]
[EventCountry "AUT"]

1. e4 e6 2. d4 d5 3. Nd2 c5 4. exd5 Qxd5 5. Ngf3 cxd4 6. Bc4 Qd6 7. O-O Nf6 8. Nb3
Nc6 9. Nbxd4 Nxd4 10. Nxd4 a6 11. Be3 Qc7 12. Bb3 Bd6 13. h3 O-O 14. Re1 e5 15. Nf3
Bf5 16. Qe2 e4 17. Nd4 Bg6 18. Rad1 Rae8 19. Rd2 Qe7 20. c3 Qe5 21. g3 Nh5 22. Red1
Bb8 23. Nc2 Kh8 24. Rd5 Nxg3 25. fxg3 Qxg3+ 26. Qg2 f5 27. Qxg3 Bxg3 28. Bc5 Bh5
29. Rf1 Rf6 30. Bd4 Rg6 31. Ne1 Bxe1+ 32. Kh2 Bg3+ 33. Kg1 e3 34. Rd7 e2 35. Kh1
exf1=Q+  0-1

[Event "1. OEsterreichische Internet Schach Meisterschaft - Vorrunde 3"]
[Site "Online - Playchess.com"]
[Date ""]
[Round "2"]
[Board "16"]
[White "Bachner, Karsten"]
[Black "Rieger, Robert"]
[Result "0-1"]
[WhiteElo "1997"]
[BlackElo "2307"]
[PlyCount "76"]
[EventDate "2020.04.17"]
[EventRounds "9"]
[EventCountry "AUT"]

1. e4 c5 2. Nf3 Nc6 3. b3 e5 4. Bb2 d6 5. a4 f5 6. exf5 Bxf5 7. d3 Nf6 8. Nc3 Be7
9. Qd2 O-O 10. h3 Nd4 11. Be2 Qc8 12. O-O-O a6 13. g4 Be6 14. Kb1 b5 15. a5 b4 16.
Na4 Nd5 17. Nxd4 cxd4 18. Nb6 Nxb6 19. axb6 Qc5 20. f4 a5 21. Bf3 Ra6 22. f5 Bf7
23. Qg2 a4 24. g5 axb3 25. g6 bxc2+ 26. Qxc2 Ba2+ 27. Kc1 Bg5+ 28. Rd2 Rc8 29. Kd1
Rxb6 30. Qxc5 Rxc5 31. gxh7+ Kxh7 32. Re2 Bb3+ 33. Ke1 Bh4+ 34. Kf1 Bc2 35. Be4 d5
36. f6+ dxe4 37. f7 Rf6+ 38. Kg2 Bxd3  0-1

[Event "1. OEsterreichische Internet Schach Meisterschaft - Vorrunde 3"]
[Site "Online - Playchess.com"]
[Date ""]
[Round "2"]
[Board "17"]
[White "Leitgeber, Christian"]
[Black "Mostbauer, Florian"]
[Result "0-1"]
[WhiteElo "1904"]
[BlackElo "2309"]
[PlyCount "138"]
[EventDate "2020.04.17"]
[EventRounds "9"]
[EventCountry "AUT"]

1. e4 c6 2. d4 d5 3. Nc3 dxe4 4. Nxe4 Nd7 5. g3 Ngf6 6. Nxf6+ Nxf6 7. Bg2 Bf5 8.
Nf3 e6 9. O-O Be7 10. Nh4 Be4 11. Be3 Bxg2 12. Nxg2 O-O 13. c3 Qc7 14. Re1 Rfd8 15.
Qe2 a5 16. a4 Nd5 17. Rad1 Rab8 18. Nf4 b5 19. Nxd5 cxd5 20. axb5 Qb7 21. Bc1 Qxb5
22. Qxb5 Rxb5 23. Re2 Rdb8 24. f4 g6 25. Rde1 a4 26. Rc2 Rb3 27. Ree2 a3 28. bxa3
Bxa3 29. Bxa3 Rxa3 30. c4 dxc4 31. Rxc4 Rd3 32. Kf2 Rd8 33. Re4 Rd2+ 34. Kf3 Rxh2
35. Re3 Rd2 36. Ke4 Kg7 37. Rb3 Rd7 38. Rb6 h5 39. Ke3 Rd1 40. Ke2 R1xd4 41. Rxd4
Rxd4 42. Ke3 Ra4 43. Rb7 Ra3+ 44. Kf2 Ra5 45. Kf3 e5 46. fxe5 Rxe5 47. Kf4 Rf5+ 48.
Ke3 Rf6 49. Ke4 Rf1 50. Rb5 f6 51. Ke3 Kh6 52. Ke2 Ra1 53. Rb6 Kg5 54. Kf3 Ra3+ 55.
Kg2 f5 56. Rb4 Re3 57. Kh3 Re4 58. Rb5 h4 59. gxh4+ Rxh4+ 60. Kg3 Rg4+ 61. Kf3 Ra4
62. Rb8 Ra3+ 63. Kg2 Kg4 64. Kh1 f4 65. Rg8 g5 66. Kg1 Ra2 67. Rg7 Kh4 68. Rh7+ Kg3
69. Rg7 Ra1#  0-1

[Event "1. OEsterreichische Internet Schach Meisterschaft - Vorrunde 3"]
[Site "Online - Playchess.com"]
[Date ""]
[Round "2"]
[Board "18"]
[White "Enoeckl, Philipp"]
[Black "Katter, Katharina"]
[Result "1-0"]
[WhiteElo "2276"]
[BlackElo "1930"]
[PlyCount "109"]
[EventDate "2020.04.17"]
[EventRounds "9"]
[EventCountry "AUT"]

1. d4 Nf6 2. Bg5 d5 3. e3 c5 4. c3 Nc6 5. Nd2 e6 6. f4 Be7 7. Bd3 h6 8. Bxf6 Bxf6
9. Ngf3 b6 10. O-O a5 11. Bb5 Bd7 12. Qe2 Ne7 13. Bd3 Nc6 14. Ne5 Nxe5 15. fxe5 Bg5
16. Rf3 c4 17. Bc2 b5 18. Raf1 Qe7 19. h4 Bxh4 20. Rxf7 Qg5 21. Nf3 Qh5 22. Bg6 Qxg6
23. Nxh4 Qg5 24. Nf3 Qg6 25. Rf4 O-O-O 26. Nh4 Qg5 27. Qg4 Qxg4 28. Rxg4 g5 29. Ng6
Kc7 30. Nxh8 Rxh8 31. Rf7 h5 32. Rxg5 Kc6 33. Rgg7 Rd8 34. Rxd7 Rxd7 35. Rxd7 Kxd7
36. Kh2 Ke7 37. Kh3 Kf7 38. Kh4 Kg6 39. g4 hxg4 40. Kxg4 Kh6 41. Kf4 Kh5 42. e4 Kg6
43. exd5 exd5 44. Kg4 Kf7 45. Kf5 b4 46. e6+ Ke7 47. Ke5 a4 48. a3 bxa3 49. bxa3
Ke8 50. Kxd5 Ke7 51. Ke5 Ke8 52. d5 Ke7 53. d6+ Ke8 54. Kd5 Kd8 55. Kxc4  1-0

[Event "1. OEsterreichische Internet Schach Meisterschaft - Vorrunde 3"]
[Site "Online - Playchess.com"]
[Date ""]
[Round "2"]
[Board "19"]
[White "Postl, Anton"]
[Black "Pilshofer, Paul"]
[Result "1-0"]
[WhiteElo "2290"]
[BlackElo "1715"]
[PlyCount "73"]
[EventDate "2020.04.17"]
[EventRounds "9"]
[EventCountry "AUT"]

1. d4 d5 2. c4 e6 3. Nc3 Nf6 4. cxd5 exd5 5. Bg5 Nbd7 6. e3 c6 7. Bd3 Be7 8. Nge2
Nf8 9. Qc2 Ne6 10. Bh4 g6 11. O-O-O Ng7 12. f3 b5 13. Kb1 Nf5 14. Bf2 a5 15. e4 Ng7
16. Rc1 b4 17. Nd1 Bd7 18. e5 Ng8 19. g4 Rc8 20. h4 f6 21. h5 fxe5 22. dxe5 Bg5 23.
f4 Be7 24. hxg6 h6 25. f5 Bg5 26. Be3 Bxe3 27. Nxe3 c5 28. Nxd5 Bxf5 29. Bxf5 Nxf5
30. Qxf5 Qd7 31. e6 Qb7 32. Rhd1 b3 33. axb3 a4 34. bxa4 Ra8 35. Nec3 h5 36. Nb5
Rc8 37. Nd6+  1-0

[Event "1. OEsterreichische Internet Schach Meisterschaft - Vorrunde 3"]
[Site "Online - Playchess.com"]
[Date ""]
[Round "2"]
[Board "20"]
[White "Belke, Frank"]
[Black "Guetz, Wolfgang"]
[Result "1-0"]
[WhiteElo "2273"]
[BlackElo "2078"]
[PlyCount "71"]
[EventDate "2020.04.17"]
[EventRounds "9"]
[EventCountry "AUT"]

1. d4 d5 2. c4 c6 3. Nf3 Nf6 4. Nc3 dxc4 5. a4 Bf5 6. Ne5 Nbd7 7. Nxc4 Qc7 8. Qd2
e5 9. dxe5 Nxe5 10. Qf4 Bd6 11. Nxd6+ Qxd6 12. Qxf5 O-O 13. Bf4 Rfe8 14. e3 Rad8
15. Qc2 Qe6 16. Be2 Ng6 17. Bg3 Ng4 18. Bxg4 Qxg4 19. O-O h5 20. h3 Qc4 21. Rfd1
h4 22. Bc7 Rc8 23. Bd6 Re6 24. Rd4 Qa6 25. Rad1 c5 26. R4d2 Rf6 27. Ne4 Rf5 28. Nxc5
Rfxc5 29. Bxc5 b6 30. Rd8+ Kh7 31. Qf5 Rxc5 32. Qxf7 Qe2 33. Rf1 Rg5 34. Qg8+ Kh6
35. Rd6 Qxb2 36. Qh8#  1-0

[Event "1. OEsterreichische Internet Schach Meisterschaft - Vorrunde 3"]
[Site "Online - Playchess.com"]
[Date ""]
[Round "2"]
[Board "21"]
[White "Steindl, Johannes"]
[Black "Kuecher, Wolfgang"]
[Result "0-1"]
[WhiteElo "2278"]
[BlackElo "2117"]
[PlyCount "86"]
[EventDate "2020.04.17"]
[EventRounds "9"]
[EventCountry "AUT"]

1. e4 g6 2. d4 Bg7 3. Nf3 d6 4. Be3 a6 5. c4 Nc6 6. h3 e5 7. d5 Nce7 8. Nc3 h6 9.
Nd2 f5 10. exf5 Nxf5 11. Qc2 Nge7 12. Bd3 O-O 13. O-O Nxe3 14. fxe3 Bf5 15. Kh2 Qd7
16. Nde4 Rf7 17. Rf2 Raf8 18. Raf1 g5 19. g4 Bg6 20. Nf6+ Rxf6 21. Rxf6 Rxf6 22.
Rxf6 Bxd3 23. Qxd3 Bxf6 24. Ne4 Bg7 25. b4 Qa4 26. a3 Qe8 27. c5 dxc5 28. bxc5 Qd7
29. d6 cxd6 30. cxd6 Nc6 31. Nc5 Qf7 32. d7 Qf2+ 33. Kh1 Qf3+ 34. Kh2 e4 35. Qd5+
Kh7 36. Nxe4 Be5+ 37. Kg1 Qxe3+ 38. Kg2 Qe2+ 39. Kg1 Bh2+ 40. Kh1 Bf4 41. Qf7+ Kh8
42. Qe8+ Kg7 43. d8=Q Qh2#  0-1

[Event "1. OEsterreichische Internet Schach Meisterschaft - Vorrunde 3"]
[Site "Online - Playchess.com"]
[Date ""]
[Round "2"]
[Board "22"]
[White "Frank, Emanuel"]
[Black "Milanollo, Mario"]
[Result "1-0"]
[WhiteElo "2271"]
[BlackElo "2053"]
[PlyCount "159"]
[EventDate "2020.04.17"]
[EventRounds "9"]
[EventCountry "AUT"]

1. d4 d5 2. c4 c6 3. cxd5 cxd5 4. Bf4 Nf6 5. e3 Nc6 6. Bd3 Bg4 7. Ne2 e6 8. Nbc3
Bd6 9. f3 Bh5 10. O-O O-O 11. Rc1 Rc8 12. Na4 Bg6 13. Nc5 Bxf4 14. Nxf4 b6 15. Nxg6
hxg6 16. Na4 Qd6 17. Ba6 Rc7 18. a3 Nb8 19. Bd3 Rfc8 20. Qd2 Rxc1 21. Rxc1 Rxc1+
22. Qxc1 Qd7 23. Nc3 Qc7 24. Qc2 Ne8 25. Na2 Qxc2 26. Bxc2 Nc6 27. Ba4 Nxd4 28. exd4
Nd6 29. Nc3 Nf5 30. Ne2 Kf8 31. Kf2 Ke7 32. g4 Nd6 33. Bb3 a5 34. Ke3 g5 35. Nc3
b5 36. a4 bxa4 37. Nxa4 g6 38. Nc5 f5 39. h3 Kf6 40. Nd7+ Ke7 41. Ne5 Kf6 42. Kd3
Nb5 43. Nc6 Nc7 44. Nxa5 Na6 45. Nc6 fxg4 46. hxg4 Kf7 47. Bc2 Ke8 48. b4 Kd7 49.
b5 Nc7 50. Ba4 Kd6 51. Ne5 Na8 52. Nf7+ Ke7 53. Nxg5 Nb6 54. Bb3 Kf6 55. Nh3 g5 56.
f4 gxf4 57. Nxf4 Nd7 58. g5+ Kxg5 59. Nxe6+ Kf6 60. Bxd5 Nb6 61. Bb3 Ke7 62. Nc7
Kd6 63. Na6 Nc8 64. Nc5 Nb6 65. Ke4 Nc8 66. Nd3 Kc7 67. Ke5 Kb6 68. Bc4 Kc7 69. Nb4
Nd6 70. Nd5+ Kd7 71. Bb3 Nf7+ 72. Kf6 Nd6 73. b6 Kc6 74. Ke6 Nc8 75. Ba4+ Kb7 76.
Bb5 Nxb6 77. Nxb6 Kxb6 78. d5 Kxb5 79. d6 Kc4 80. d7  1-0

[Event "1. OEsterreichische Internet Schach Meisterschaft - Vorrunde 3"]
[Site "Online - Playchess.com"]
[Date ""]
[Round "2"]
[Board "23"]
[White "Perhinig, Robert"]
[Black "Hofer, Maximilian"]
[Result "0-1"]
[WhiteElo "2252"]
[BlackElo "2108"]
[PlyCount "50"]
[EventDate "2020.04.17"]
[EventRounds "9"]
[EventCountry "AUT"]

1. d4 Nf6 2. c4 g6 3. Nc3 Bg7 4. e4 d6 5. f3 O-O 6. Be3 c5 7. d5 Nbd7 8. Qd2 Ne5
9. O-O-O a6 10. Bh6 Qa5 11. h4 Bd7 12. h5 Nxh5 13. Rxh5 gxh5 14. Qg5 Ng6 15. f4 Bxc3
16. Bxf8 Bf6 17. Qxh5 Rxf8 18. Nf3 Qxa2 19. e5 dxe5 20. fxe5 Qa1+ 21. Kc2 Ba4+ 22.
b3 Bxb3+ 23. Kxb3 Qxd1+ 24. Kb2 Bxe5+ 25. Nxe5 Qxh5  0-1

[Event "1. OEsterreichische Internet Schach Meisterschaft - Vorrunde 3"]
[Site "Online - Playchess.com"]
[Date ""]
[Round "2"]
[Board "24"]
[White "Kienboeck, Benjamin"]
[Black "Breneis, Lukas"]
[Result "0-1"]
[WhiteElo "1922"]
[BlackElo "2257"]
[PlyCount "70"]
[EventDate "2020.04.17"]
[EventRounds "9"]
[EventCountry "AUT"]

1. e4 c5 2. Nf3 e6 3. d4 cxd4 4. Nxd4 Nf6 5. Nc3 d6 6. Be3 Be7 7. f3 O-O 8. Qd2 a6
9. O-O-O b5 10. g4 Bb7 11. g5 Nfd7 12. h4 b4 13. Nce2 d5 14. Nf4 e5 15. Nde6 fxe6
16. Nxe6 Qa5 17. Kb1 d4 18. Bg1 Rc8 19. h5 Rc6 20. Bh3 Qb6 21. Nxd4 exd4 22. Bxd4
Qc7 23. Bxd7 Nxd7 24. f4 Bc5 25. Bxg7 Rd6 26. Qe2 Kxg7 27. e5 Rxd1+ 28. Rxd1 Rf8
29. g6 h6 30. f5 Nxe5 31. Qg4 Nxg4 32. f6+ Nxf6 33. c3 Be4+ 34. Ka1 b3 35. axb3 Qa5#
 0-1

[Event "1. OEsterreichische Internet Schach Meisterschaft - Vorrunde 3"]
[Site "Online - Playchess.com"]
[Date ""]
[Round "2"]
[Board "25"]
[White "Mira, Helene"]
[Black "Peyrer, Konstantin"]
[Result "0-1"]
[WhiteElo "2082"]
[BlackElo "2286"]
[PlyCount "50"]
[EventDate "2020.04.17"]
[EventRounds "9"]
[EventCountry "AUT"]

1. d4 Nf6 2. Nf3 g6 3. c4 Bg7 4. Nc3 c5 5. e4 cxd4 6. Nxd4 d6 7. Be2 O-O 8. Be3 Nc6
9. Qd2 Bd7 10. Nb3 Rc8 11. c5 Be6 12. cxd6 exd6 13. Nd4 Nxd4 14. Bxd4 d5 15. e5 Ne4
16. Nxe4 dxe4 17. Qb4 a5 18. Qd2 Qd5 19. Bc3 Bxe5 20. Bxe5 Qxe5 21. O-O Rfd8 22.
Qe3 Rc2 23. b3 Rdc8 24. Rfe1 f5 25. Rac1 f4  0-1

[Event "1. OEsterreichische Internet Schach Meisterschaft - Vorrunde 3"]
[Site "Online - Playchess.com"]
[Date ""]
[Round "2"]
[Board "26"]
[White "Hiermann, Dietmar"]
[Black "Streiter, Gerhard"]
[Result "1/2-1/2"]
[WhiteElo "2250"]
[BlackElo "1973"]
[PlyCount "100"]
[EventDate "2020.04.17"]
[EventRounds "9"]
[EventCountry "AUT"]

1. e4 c5 2. Nf3 d6 3. d4 cxd4 4. Nxd4 Nf6 5. Nc3 g6 6. Be2 Bg7 7. O-O O-O 8. Be3
Nc6 9. f4 Qb6 10. Qd2 Nxe4 11. Nxe4 Bxd4 12. Bxd4 Qxd4+ 13. Qxd4 Nxd4 14. Bd3 Bd7
15. c3 Nc6 16. Rfe1 a6 17. Rad1 Rad8 18. Be2 Kg7 19. Bf3 h6 20. Nf2 Rfe8 21. Nd3
Be6 22. a3 h5 23. g3 Bg4 24. Kf2 Bxf3 25. Kxf3 e5 26. Kf2 f5 27. Nc1 e4 28. Ne2 Kf6
29. b4 d5 30. Rd2 Rd7 31. Red1 Red8 32. Ke3 Ke6 33. a4 b5 34. axb5 axb5 35. Ra2 Rd6
36. Ra6 d4+ 37. Nxd4+ Nxd4 38. Rxd6+ Rxd6 39. cxd4 Kd5 40. Rc1 Rc6 41. Rc5+ Rxc5
42. dxc5 Kc6 43. Kd4 Kc7 44. h3 Kc6 45. g4 hxg4 46. hxg4 Kc7 47. gxf5 gxf5 48. Kc3
Kc6 49. Kd2 Kc7 50. Ke2 Kc6  1/2-1/2

[Event "1. OEsterreichische Internet Schach Meisterschaft - Vorrunde 3"]
[Site "Online - Playchess.com"]
[Date ""]
[Round "2"]
[Board "27"]
[White "Steiner, Adam"]
[Black "Doskocil, Klaus"]
[Result "0-1"]
[WhiteElo "2251"]
[BlackElo "2157"]
[PlyCount "92"]
[EventDate "2020.04.17"]
[EventRounds "9"]
[EventCountry "AUT"]

1. d4 Nf6 2. Bf4 g6 3. Nc3 Bg7 4. e4 d6 5. Nf3 Bg4 6. Be2 Nbd7 7. Qd2 O-O 8. O-O-O
c6 9. Bh6 b5 10. Bxg7 Kxg7 11. e5 Ne8 12. Ne4 Qb6 13. Qg5 Bxf3 14. Bxf3 f6 15. exf6+
Nexf6 16. h4 Rf7 17. h5 Nf8 18. hxg6 Nxg6 19. Qxg6+ hxg6 20. Ng5 Rff8 21. Ne6+ Kf7
22. Nxf8 Rxf8 23. c3 a5 24. Rde1 b4 25. g4 bxc3 26. bxc3 Rb8 27. Kd2 Qb2+ 28. Ke3
Qxc3+ 29. Kf4 Qxd4+ 30. Kg3 Rb4 31. g5 Qf4+ 32. Kg2 Qxg5+ 33. Kf1 Rb2 34. Bxc6 Qf4
35. Bd5+ Nxd5 36. Rh7+ Kf6 37. Re2 Rxe2 38. Kxe2 e5 39. Ra7 a4 40. Ra8 Qc4+ 41. Ke1
Qxa2 42. Rf8+ Kg5 43. f4+ Nxf4 44. Kd1 Qe2+ 45. Kc1 Nd3+ 46. Kb1 Qb2#  0-1

[Event "1. OEsterreichische Internet Schach Meisterschaft - Vorrunde 3"]
[Site "Online - Playchess.com"]
[Date ""]
[Round "2"]
[Board "28"]
[White "Wohlfahrt, Herbert"]
[Black "Kreutzmann, Duke"]
[Result "1-0"]
[WhiteElo "2285"]
[BlackElo "2036"]
[PlyCount "55"]
[EventDate "2020.04.17"]
[EventRounds "9"]
[EventCountry "AUT"]

1. Nf3 Nf6 2. c4 e6 3. g3 d5 4. Bg2 c5 5. cxd5 exd5 6. d4 c4 7. O-O Be7 8. b3 cxb3
9. Qxb3 O-O 10. Nc3 Nc6 11. Bf4 h6 12. Rfd1 Be6 13. Ne5 Na5 14. Qa4 b6 15. Rac1 Rc8
16. Nb5 a6 17. Rxc8 Qxc8 18. Na7 Qb7 19. Nac6 Nxc6 20. Qxc6 Qa7 21. Rc1 Rc8 22. Qxc8+
Bxc8 23. Rxc8+ Kh7 24. Nc6 Qd7 25. Rc7 Qe6 26. Nxe7 g5 27. Be5 Ng4 28. Bxd5  1-0

[Event "1. OEsterreichische Internet Schach Meisterschaft - Vorrunde 3"]
[Site "Online - Playchess.com"]
[Date ""]
[Round "2"]
[Board "29"]
[White "Gelbenegger, Patrick"]
[Black "Charaus, Florian"]
[Result "1-0"]
[WhiteElo "2240"]
[BlackElo "2055"]
[PlyCount "119"]
[EventDate "2020.04.17"]
[EventRounds "9"]
[EventCountry "AUT"]

1. e4 c6 2. d4 d5 3. exd5 cxd5 4. Bd3 Nc6 5. c3 Nf6 6. h3 g6 7. Nf3 Bf5 8. Bf4 Bxd3
9. Qxd3 Bg7 10. Nbd2 O-O 11. O-O a6 12. Rfe1 b5 13. b4 Rc8 14. a4 Nh5 15. Bh2 Qb6
16. axb5 axb5 17. Nb3 Rfe8 18. Nc5 Ra8 19. Qe2 e6 20. Ng5 h6 21. Rxa8 Rxa8 22. Nxf7
Ra3 23. Qxe6 Kh7 24. Be5 Ra7 25. Bxg7 Re7 26. Qxe7 Nxe7 27. Rxe7 Nxg7 28. Ne5 Kg8
29. Rd7 Ne6 30. Rxd5 Nxc5 31. Rxc5 Qa6 32. Kh2 Qa3 33. Nxg6 Qb2 34. Ne7+ Kf7 35.
Nf5 Qxf2 36. Nxh6+ Kg6 37. Ng4 Qf4+ 38. Kg1 Qc1+ 39. Kf2 Qd2+ 40. Kg3 Qd3+ 41. Kh2
Qd2 42. Rc6+ Kg7 43. Rc7+ Kf8 44. Rc8+ Ke7 45. Rc5 Qf4+ 46. Kg1 Qc1+ 47. Kf2 Qf4+
48. Kg1 Qc1+ 49. Kf2 Qf4+ 50. Ke2 Qe4+ 51. Ne3 Qb1 52. Re5+ Kf7 53. Rf5+ Ke7 54.
Re5+ Kf7 55. Kf3 Qd3 56. g4 Qxc3 57. Rf5+ Kg7 58. Rxb5 Qxd4 59. Nf5+ Kg6 60. Nxd4
 1-0

[Event "1. OEsterreichische Internet Schach Meisterschaft - Vorrunde 3"]
[Site "Online - Playchess.com"]
[Date ""]
[Round "2"]
[Board "30"]
[White "Brod, Manfred"]
[Black "Ploeckinger, Paul"]
[Result "1-0"]
[WhiteElo "2211"]
[BlackElo "1334"]
[PlyCount "127"]
[EventDate "2020.04.17"]
[EventRounds "9"]
[EventCountry "AUT"]

1. e4 c5 2. Nf3 Nc6 3. d4 cxd4 4. Nxd4 g6 5. c4 Bg7 6. Be3 e6 7. Nc3 Nge7 8. Ndb5
O-O 9. Rc1 Bxc3+ 10. Rxc3 Na5 11. Nd6 b6 12. Bh6 Nb7 13. Bxf8 Kxf8 14. Rd3 Nxd6 15.
Rxd6 Qc7 16. Rd2 Qc5 17. Be2 d5 18. O-O dxc4 19. Rd8+ Kg7 20. Qd2 Bb7 21. Rxa8 Bxa8
22. Qc3+ Kg8 23. Qxc4 Qxc4 24. Bxc4 Bxe4 25. Rd1 Bd5 26. Bxd5 Nxd5 27. Rc1 Kf8 28.
Rc8+ Ke7 29. Ra8 a5 30. Ra7+ Kf6 31. Rb7 h5 32. h4 e5 33. a3 Ke6 34. g3 f6 35. Kf1
g5 36. Ke2 gxh4 37. gxh4 Kf5 38. Kd3 Kg4 39. Kc4 Nf4 40. Rxb6 Kxh4 41. Rxf6 Kg5 42.
Ra6 h4 43. Rxa5 h3 44. Rxe5+ Kg4 45. Re1 h2 46. Rh1 Kh3 47. a4 Kg2 48. Rxh2+ Kxh2
49. a5 Ne6 50. a6 Nc7 51. a7 Kg2 52. b4 Kxf2 53. b5 Ke3 54. b6 Na8 55. b7 Nb6+ 56.
Kb5 Nd7 57. b8=Q Ke4 58. Qe8+ Kd5 59. Qxd7+ Ke5 60. a8=Q Kf4 61. Qae8 Kg3 62. Qdf7
Kh4 63. Qeg8 Kh3 64. Qfh7#  1-0

[Event "1. OEsterreichische Internet Schach Meisterschaft - Vorrunde 3"]
[Site "Online - Playchess.com"]
[Date ""]
[Round "2"]
[Board "31"]
[White "Dreher, David"]
[Black "Kravanja, Georg"]
[Result "1/2-1/2"]
[WhiteElo "1888"]
[BlackElo "2199"]
[PlyCount "94"]
[EventDate "2020.04.17"]
[EventRounds "9"]
[EventCountry "AUT"]

1. d4 Nf6 2. Bf4 g6 3. Nc3 d5 4. e3 Bg7 5. h4 O-O 6. h5 c5 7. hxg6 hxg6 8. Bh6 cxd4
9. Bxg7 Kxg7 10. exd4 Nc6 11. Qd2 Rh8 12. Rxh8 Qxh8 13. O-O-O Bg4 14. f3 Be6 15.
Nge2 Rc8 16. Nf4 Nd8 17. g4 Qh4 18. Bg2 Qg3 19. Rh1 Rxc3 20. Nxe6+ fxe6 21. bxc3
Nf7 22. Rh3 Qd6 23. Bf1 a5 24. Bd3 a4 25. Qh2 Qb6 26. g5 Nxg5 27. Rg3 a3 28. Rxg5
Qb1+ 29. Kd2 Qb2 30. Rxg6+ Kf8 31. Qh6+ Ke8 32. Rxf6 exf6 33. Qxf6 Kd7 34. Qf7+ Kd6
35. Qf4+ Kd7 36. Qf7+ Kd6 37. Qf4+ Kd7 38. Qb8 Qxa2 39. Qxb7+ Kd6 40. Qb6+ Ke7 41.
Qc7+ Kf6 42. Qe5+ Ke7 43. Qc7+ Kf6 44. Qd8+ Kf7 45. Qd7+ Kf6 46. Qd8+ Kf7 47. Qc7+
Kf6  1/2-1/2

[Event "1. OEsterreichische Internet Schach Meisterschaft - Vorrunde 3"]
[Site "Online - Playchess.com"]
[Date ""]
[Round "2"]
[Board "32"]
[White "Leisenberger, Harald"]
[Black "Schein, Karl-Heinz"]
[Result "0-1"]
[WhiteElo "2144"]
[BlackElo "2187"]
[PlyCount "28"]
[EventDate "2020.04.17"]
[EventRounds "9"]
[EventCountry "AUT"]

1. d4 Nf6 2. Nf3 g6 3. Bg5 Bg7 4. Nbd2 d5 5. c3 O-O 6. e3 b6 7. a4 Ba6 8. Bxa6 Nxa6
9. O-O c5 10. Qe2 Nc7 11. a5 c4 12. e4 dxe4 13. Nxe4 Nxe4 14. Qe3 Nxg5  0-1

[Event "1. OEsterreichische Internet Schach Meisterschaft - Vorrunde 3"]
[Site "Online - Playchess.com"]
[Date ""]
[Round "2"]
[Board "33"]
[White "Bauer, Sebastian"]
[Black "Ofner, Maximilian"]
[Result "0-1"]
[WhiteElo "2237"]
[BlackElo "2177"]
[PlyCount "104"]
[EventDate "2020.04.17"]
[EventRounds "9"]
[EventCountry "AUT"]

1. e4 c6 2. c4 d5 3. cxd5 cxd5 4. exd5 Nf6 5. Nc3 Nxd5 6. Nf3 Nc6 7. d4 g6 8. Bb5
Bg7 9. O-O O-O 10. Re1 Bg4 11. Bxc6 bxc6 12. Be3 Rb8 13. Na4 Rb4 14. Rc1 Bxf3 15.
gxf3 Qa5 16. b3 Nxe3 17. fxe3 Qg5+ 18. Kh1 e5 19. Rc5 Qe7 20. dxe5 Bxe5 21. Qc2 Rh4
22. Re2 Rd8 23. f4 Bf6 24. Rxc6 Rh3 25. Qc5 Qd7 26. Qc2 Qd5+ 27. Kg1 Rh4 28. Rg2
Bg7 29. Rc5 Qd1+ 30. Kf2 Qxc2+ 31. Rxc2 Rh5 32. Kf3 Rhd5 33. Nc3 Rd3 34. Ne4 Re8
35. Rgd2 Rxd2 36. Rxd2 h5 37. Nd6 Re6 38. e4 Bf8 39. Nc4 Rc6 40. e5 a6 41. Ke4 Bc5
42. Rd8+ Kg7 43. Kd5 Rc7 44. Ra8 Bg1 45. Rxa6 Bxh2 46. Ke4 h4 47. Kf3 Bg1 48. Rd6
h3 49. Kg3 h2 50. Rd1 h1=Q 51. Nd6 Bf2+ 52. Kxf2 Qxd1  0-1

[Event "1. OEsterreichische Internet Schach Meisterschaft - Vorrunde 3"]
[Site "Online - Playchess.com"]
[Date ""]
[Round "2"]
[Board "34"]
[White "Mayrhuber, Tobias"]
[Black "Frank, Paul"]
[Result "0-1"]
[WhiteElo "2045"]
[BlackElo "2208"]
[PlyCount "92"]
[EventDate "2020.04.17"]
[EventRounds "9"]
[EventCountry "AUT"]

1. e4 c5 2. Nf3 Nc6 3. d4 cxd4 4. Nxd4 g6 5. c4 Bg7 6. Be3 Nf6 7. Nc3 O-O 8. Be2
d6 9. O-O Bd7 10. Rc1 Nxd4 11. Bxd4 Bc6 12. Bf3 a5 13. Nd5 e6 14. Nxf6+ Bxf6 15.
b3 Bxd4 16. Qxd4 Qe7 17. c5 dxc5 18. Rxc5 Rfd8 19. Qc3 a4 20. b4 a3 21. b5 Be8 22.
e5 Rab8 23. Rc7 Rd7 24. b6 Rxc7 25. Qxc7 Qxc7 26. bxc7 Rc8 27. Rc1 Bc6 28. Rd1 Rxc7
29. Bxc6 Rxc6 30. g3 Rc2 31. Rd7 Rb2 32. h4 h5 33. Kg2 Kf8 34. Kf3 Ke8 35. Rc7 Rxa2
36. Rxb7 Rb2 37. Ra7 a2 38. Kg2 Kd8 39. Ra8+ Kc7 40. Kf3 Kb7 41. Ra5 Kb6 42. Ra8
Kc5 43. Kg2 Kd4 44. Ra5 Kc3 45. Ra8 Kc2 46. Rc8+ Kb1  0-1